College Quizbowl Stats
College Quizbowl Stats
Circuits
Seasons
Sets
Records
Detailed Stats
About
Loading...
2024 Penn Bowl Harvard
Tossups
Bonuses
Players
Teams
Categories (Tossup)
Categories (Bonus)
Isaac Ojutomori
Tufts A
Categories
Category
Powers
Gets
Negs
BBs
Points
Earliest Buzz
Avg. Buzz
First Buzzes
Top 3 Buzzes
Fine Arts - Other Fine Arts
0
1
0
0
10
111
111.00
0
0
Science - Physics
0
1
0
0
10
65
65.00
0
1
Literature - World Literature
0
0
0
0
0
0.00
0
0
History - Other History
0
0
1
0
-5
0.00
0
0
Science - Other Science
0
0
1
0
-5
0.00
0
0
Buzzes
Category
Answer
Value
Buzz Position
History - Other History
military bases
-5
52
Science - Physics
pendulums
10
65
Science - Other Science
binary star systems
-5
72
Fine Arts - Other Fine Arts
Karl Lagerfeld
10
111
Literature - World Literature
Nadine Gordimer
0
130
Previous
1
Next